Gaming Quiz

Random Gaming or Pokémon Quiz

Pokemon With Stats of 580 and Up Quiz Stats

 Plays Quiz not verified by Sporcle

Challenge
Share
Tweet
Score 0/40 Timer 05:00
0 Plays Today
Typing Pokemon % Correct
Ice/FlyingArticuno
100%
PsychicMew
100%
PsychicMewtwo
100%
Fire/FlyingMoltres
98.4%
Electric/FlyingZapdos
98.4%
Dragon/FlyingDragonite
96.8%
Dragon/PsychicLatios
95.2%
Dragon/PsychicLatias
95.2%
Dragon/FlyingSalamence
95.2%
Steel/PsychicMetagross
95.2%
Water/DragonPalkia
95.2%
Steel/DragonDialga
95.2%
NormalArceus
95.2%
SteelRegisteel
93.7%
Dragon/GroundGarchomp
93.7%
Psychic/GrassCelebi
93.7%
Rock/DarkTyranitar
93.7%
GroundGroudon
93.7%
WaterKyogre
93.7%
Dragon/FlyingRayquaza
93.7%
Typing Pokemon % Correct
IceRegice
92.1%
RockRegirock
92.1%
Grass, Grass/FlyingShaymin
92.1%
Ghost/DragonGiratina
92.1%
Fire/FlyingHo-oh
92.1%
Psychic/FlyingLugia
92.1%
DarkDarkrai
90.5%
PsychicAzelf
88.9%
PsychicUxie
88.9%
FireEntei
88.9%
ElectricRaikou
88.9%
NormalRegigigas
88.9%
PsychicMesprit
87.3%
WaterSuicune
87.3%
PsychicCresselia
87.3%
Fire/SteelHeatran
87.3%
Steel/PsychicJirachi
87.3%
WaterManaphy
82.5%
NormalSlaking
79.4%
PsychicDeoxys
77.8%

You're not logged in!

Compare scores with friends on all Sporcle quizzes.
Join for Free
OR
Log In

You Might Also Like...

Show Comments

Extras

Top Quizzes Today


Score Distribution

Your Account Isn't Verified!

In order to create a playlist on Sporcle, you need to verify the email address you used during registration. Go to your Sporcle Settings to finish the process.

Report this User

Report this user for behavior that violates our Community Guidelines.

Details: